Joueurs français passés par Chelsea - Statistiques

Statistiques générales
  • Ce quiz a été pris 699 fois
    227 depuis la dernière actualisation
  • Le résultat moyen est 12 sur 26
Statistiques - réponses
Année Matchs Nom % Correct
2016-2023 269 N'Golo Kanté
85%
2008-2012 184 Nicolas Anelka
82%
2023- 53 Benoît Badiashile
81%
2023- 78 Malo Gusto
79%
2023- 61 Axel Disasi
76%
2018-2021 119 Olivier Giroud
76%
2023- 56 Christopher Nkunku
70%
2007-2013 229 Florent Malouda
69%
2022- 34 Wesley Fofana
68%
2003-2008 217 Claude Makélélé
66%
1999-2000 46 Didier Deschamps
63%
1998-2004 221 Marcel Desailly
60%
1996-2001 197 Franck Leboeuf
55%
2001-2004 76 Emmanuel Petit
49%
2001-2006 225 William Gallas
49%
2005-2007 31 Lassana Diarra
38%
2014-2021 151 Kurt Zouma
34%
2017-2023 43 Tiémoué Bakayoko
33%
2014-2017 47 Loïc Rémy
26%
2020-2022 21 Malang Sarr
24%
2025- 0 Mamadou Sarr
24%
2023- 15 Lesley Ugochukwu
23%
2025- 2 Mathis Amougou
13%
1997-2001 59 Bernard Lambourde
4%
2002-2003 0 Jean-Yves Anis
1%
1998 13 Laurent Charvet
1%
Aucun quiz correspondant
Distribution des résultats
% des personnes avec chaque résultat
Percentile par nombre de réponses
Votre historique - résultats
Vous n’avez pas pris ce quiz depuis la dernière actualisation